000 01201nab a22002297a 4500
999 _c5522
_d5522
003 OSt
005 20251211130315.0
008 190604e xxu||||| |||| 00| 0 spa d
040 _cPJ
100 _96503
_aLavítola, Sofía
245 1 0 _aEmpoderando al consumidor :
_bpropuesta para lograr mayor coherencia normativa /
_cSofía Lavítola.
260 _aCiudad Autónoma de Buenos Aires :
_bThomson Reuters La Ley,
_c2025.
300 _ap. 27-35
500 _aCita Online: TR LALEY AR/DOC/1795/2025.
505 _aSumario: I. Introducción.— II. Contexto legal.— III. Análisis del planteo.— IV. Por qué el esquema legal del deber de seguridad representa una amenaza o cuanto menos una previsión a completar.— V. Propuesta de reforma legislativa. — VI. Conclusión.
505 _t¿Te interesa el texto completo? Solicitalo al correo: koha@justierradelfuego.gov.ar
650 0 _92608
_aDERECHOS DEL CONSUMIDOR
650 0 _93951
_aDEBER DE INFORMACIÓN
650 0 _92600
_aLEY DE DEFENSA DEL CONSUMIDOR
773 0 _02714
_93171
_dCiudad Autónoma de Buenos Aires : Thomson Reuters La Ley, 2014-
_tRevista anales de legislación argentina. Nº 11- Noviembre 2025.
942 _2udc
_cANA